| 000 | 00503nam a22001577a 4500 | ||
|---|---|---|---|
| 005 | 20260330120901.0 | ||
| 008 | 260330b |||||||| |||| 00| 0 eng d | ||
| 020 | _a978-93-5270-311-1 | ||
| 100 | _aSARKAR SUPRIYA | ||
| 245 | _a101 CASES IN RESPIRATORY MEDICINE | ||
| 260 |
_aNEW DELHI _bTHE HEALTH SCIENCES PUBLISHER _c2018 |
||
| 300 | _aXIX, 420P. | ||
| 500 | _aINCLUDES INDEX | ||
| 650 | _a1. RESPIRATORY MEDICINE - CASE STUDIES 2. RESPIRATORY SYSTEMS - DISEASES - CASE STUDIES | ||
| 942 |
_2lcc _cBK |
||
| 999 |
_c216897 _d216897 |
||